00896nam a2200265 a 450000100100000000500170001000800410002702000150006804300130008308200200009624501810011625000120029726000320030930000170034149000770035865000210043565000230045665000160047965000220049565000230051765000240054065000160056470000280058070000220060800004289320200120222413.0110118s1991 mx gr 000 0 spa d a9682436877 an--mx---04a631.51bP7222100aPreparación de tierras agrícolas /cbasado en el trabajo de Ir. Johan D. Berlin colaboración: Pieter M. Rijk ... [et al.] ; revisión: Johan D. Berlijn ; Pieter M. Rijk. a1a. ed. aMéxico :bTrillas,c1991. a53 p. :bil. 0aManuales para educación agropecuaria. Area : mecánica agrícolan3817aUso de la tierra27aRecursos de suelos27aAgronomía27aTierra agrícola27aGestión forestal27aCiencias forestales27aAgricultura1 aRijk, Pieter M.ecolab.1 aBerlijn, Johan D.